000 00345nam a2200133Ia 4500
008 230411s9999 xx 000 0 und d
041 _aeng
082 _aP/610.7362/HOC/B03489
100 _aHockenberry M
245 _aWongs Essentials of Pediatric Nursing
260 _bMosby
_aSt Louis
_c2005
300 _a1307p
999 _c154352
_d154352